01208nam a2200349 i 450000100060000000300090000600500170001500800410003202000150007304000360008804600090012408000160013308000160014910000250016524500780019026000560026830000260032433600270035033700540037733800280043138000160045938800140047538800140048950400780050365000260058165000220060765100110062965800340064070000440067471000420071885600980076033343KOSZ 00520220919081143.0980713s1997 pl |000 0 pol  a8320810671 aKOSz 005cKOSZ 005dKOSZ 005/HR k1997 a336.76(438) a347.73(438)1 aJurga, RoberteAutor10aPapiery wartościowe w obrocie masowym /cRobert Jurga, Marek Michalski. aWarszawa :bPolskie Wydawnictwo Ekonomiczne,c1997. a203, [5] s. ;c21 cm. 2rdacontentaTekstbtxt 2rdamediaaBez urządzenia pośredniczącegobn 2rdacarrieraWoluminbnc aKsiążki a1901-2000 a1989-2000 aBibliogr. s. 201-202, wykaz ważniejszych aktów prawnych s. 203-[204]. 4aPapiery wartościowe 4aRynek kapitałowy 7aPolska aGospodarka, ekonomia, finanse1 aMichalski, Marekc(nauki prawne)eAutor2 aPolskie Wydawnictwo Ekonomiczne4pbl. uhttp://koha.tu.koszalin.pl/cgi-bin/koha/opac-detail.pl?biblionumber=33343yKatalog online BPK